<?xml version="1.0" encoding="UTF-8"?><collection xmlns="info:lc/xmlns/marcxchange-v2"><record format="Unimarc" type="bibliographic"><leader>00875nam  2200217   450 </leader><controlfield tag="001">2220088</controlfield><controlfield tag="003">http://id.bnportugal.gov.pt/bib/porbase/2220088</controlfield><datafield ind1=" " ind2=" " tag="010"><subfield code="a">978-0-12-370497-9</subfield></datafield><datafield ind1=" " ind2=" " tag="035"><subfield code="a">ISEC_173.iso/12-11-2009/395</subfield></datafield><datafield ind1=" " ind2=" " tag="035"><subfield code="a">ISEC20080227162029</subfield></datafield><datafield ind1=" " ind2=" " tag="100"><subfield code="a">20080227d2007    k  y0porb0103    ba</subfield></datafield><datafield ind1="0" ind2=" " tag="101"><subfield code="a">eng</subfield></datafield><datafield ind1=" " ind2=" " tag="102"><subfield code="a">NL</subfield></datafield><datafield ind1="1" ind2=" " tag="200"><subfield code="a">Digital design and computer architecture</subfield><subfield code="f">David Money Harris, Sarah L. Harris</subfield></datafield><datafield ind1=" " ind2=" " tag="210"><subfield code="a">Amsterdam [etc.]</subfield><subfield code="c">Morgan Kaufmann Publishers</subfield><subfield code="d">cop. 2007</subfield></datafield><datafield ind1=" " ind2=" " tag="215"><subfield code="a">569 p.</subfield><subfield code="c">il</subfield></datafield><datafield ind1=" " ind2=" " tag="675"><subfield code="a">004.2</subfield><subfield code="v">BN</subfield><subfield code="z">por</subfield></datafield><datafield ind1=" " ind2="1" tag="700"><subfield code="a">Harris</subfield><subfield code="b">David Money</subfield></datafield><datafield ind1=" " ind2="1" tag="701"><subfield code="a">Harris</subfield><subfield code="b">Sarah L.</subfield><subfield code="4">070</subfield></datafield><datafield ind1=" " ind2="0" tag="801"><subfield code="a">PT</subfield><subfield code="b">ISEC</subfield><subfield code="g">RPC</subfield></datafield><datafield ind1="4" ind2=" " tag="856"><subfield code="u">http://textbooks.elsevier.com/web/product_details.aspx?isbn=9780123704979&amp;Search=9780123704979&amp;SearchCriteria=Keyword</subfield><subfield code="z">Informações adicionais</subfield></datafield><datafield ind1=" " ind2=" " tag="859"><subfield code="u">http://files.isec.pt/DOCUMENTOS/SERVICOS/BIBLIO/Capas/Digital_Harris.jpg</subfield><subfield code="z">Capa do livro</subfield></datafield></record></collection>